Előadások a filozófia történetéről 2. köt.
Elmentve itt :
| Szerző: | |
|---|---|
| További közreműködők: | |
| Adatforrás: | Philobibl |
| Dokumentumtípus: | Kötet |
| Nyelv: | magyar |
| Kulcsszavak: | filozófiatörténet filozófia, német |
| LEADER | 00433nad a2200145 cc4500 | ||
|---|---|---|---|
| 001 | bibPHI0033512ab | ||
| 005 | 20200924123210.7 | ||
| 008 | 081218s1977 hu hun | ||
| 100 | 1 | |a Hegel, Georg Wilhelm Friedrich | |
| 245 | 1 | 0 | |a Előadások a filozófia történetéről |n 2. köt. |c Hegel ; ford. Szemere Samu |
| 300 | |a 471 p. | ||
| 695 | |a filozófiatörténet | ||
| 695 | |a filozófia, német | ||
| 700 | 1 | |a Szemere Samu | |
| 773 | 0 | |w bibPHI0033512 | |